Advancing the science of climate change

Збережено в:
Бібліографічні деталі
Співавтори: National Research Council (U.S.), National Research Council (U.S.). Board on Atmospheric Sciences and Climate, National Research Council (U.S.). Panel on Adapting to the Impacts of Climate Change. America's Climate Choices, National Research Council (U.S.). Division on Earth and Life Studies, ebrary, Inc
Формат: Електронний ресурс eКнига
Мова:Англійська
Опубліковано: Washington, D.C. : National Academies Press, 2010.
Предмети:
Онлайн доступ:An electronic book accessible through the World Wide Web; click to view
Теги: Додати тег
Немає тегів, Будьте першим, хто поставить тег для цього запису!

MARC

LEADER 00000nam a2200000 a 4500
001 0000129804
005 20171002061002.0
006 m u
007 cr cn|||||||||
008 101103s2010 dcua sb 000 0 eng d
010 |z  2010940606 
020 |z 9780309145886 (pbk.) 
020 |z 0309145880 (pbk.) 
020 |z 9780309145893 (pdf) 
020 |z 0309145899 (pdf) 
035 |a (CaPaEBR)ebr10439400 
035 |a (OCoLC)703170321 
040 |a CaPaEBR  |c CaPaEBR 
043 |a n-us--- 
050 1 4 |a QC903.2.U6  |b N38 2010eb 
110 2 |a National Research Council (U.S.) 
245 1 0 |a Advancing the science of climate change  |h [electronic resource] /  |c National Research Council of the National Academies. 
260 |a Washington, D.C. :  |b National Academies Press,  |c 2010. 
300 |a xxi, 503 p. :  |b ill. (chiefly col.) 
500 |a "America's Climate Choices: Panel on Advancing the Science of Climate Change, Board on Atmospheric Sciences and Climate, Division on Earth and Life Studies." 
504 |a Includes bibliographical references. 
533 |a Electronic reproduction.  |b Palo Alto, Calif. :  |c ebrary,  |d 2011.  |n Available via World Wide Web.  |n Access may be limited to ebrary affiliated libraries. 
650 0 |a Climatic changes  |x Research  |z United States. 
650 0 |a Climatic changes  |z United States. 
655 7 |a Electronic books.  |2 local 
710 2 |a National Research Council (U.S.).  |b Board on Atmospheric Sciences and Climate. 
710 2 |a National Research Council (U.S.).  |b Panel on Adapting to the Impacts of Climate Change.  |b America's Climate Choices. 
710 2 |a National Research Council (U.S.).  |b Division on Earth and Life Studies. 
710 2 |a ebrary, Inc. 
856 4 0 |u http://site.ebrary.com/lib/daystar/Doc?id=10439400  |z An electronic book accessible through the World Wide Web; click to view 
908 |a 170314 
942 0 0 |c EB 
999 |c 118953  |d 118953